| 000 | 00511nam a2200181Ia 4500 | ||
|---|---|---|---|
| 003 | GCL | ||
| 008 | 140319s9999 xx 000 0 eng d | ||
| 040 |
_aGCL / _cGCL |
||
| 082 | 0 | 4 |
_a747.1 _bW O |
| 100 | 1 | _aWILLIAMS, ELZABETH | |
| 245 | 1 | 0 |
_aORIGINAL HOME DESIGN: THE SECRET OF STYLE ON A BUDGET / _cWILLIAMS, ELZABETH |
| 260 |
_a[S.N] : _bCONRAN OCTOPUS ، _c1989 |
||
| 300 | _a128 P | ||
| 650 | 0 | 4 | _aINTERIOR DECORATION |
| 650 | 0 | 4 | _aINTERIOR DESIGN |
| 650 | 0 | 4 | _aDECORATION ON A BUDGET |
| 942 |
_2ddc _cBK |
||
| 999 |
_c25685 _d25685 |
||